000 00356pab a2200145 454500
008 180718b2006 xxu||||| |||| 00| 0 eng d
100 _aBose, Ashish
245 _aFalling fertility and rising anaemia?
260 _c2006
300 _ap.3923-926.
362 _a16 Sep
650 _aFertility
773 _aEconomic and Political Weekly
909 _a71658
999 _c71658
_d71658